000 00387nam a22001697a 4500
005 20160601111058.0
008 160601b xxu||||| |||| 00| 0 eng d
020 _a81-203-1251-1
041 _aeng
082 _b6685
100 _aDatta, A.K.
_91654
245 _aMaterials Management
260 _aNew Delhi
_bPHI,
_c2004
300 _a398
650 _aManagement
_9241
942 _cBK
999 _c2327
_d2326